|
|
|
|
| LEADER |
00000nab a2200000 a 4500 |
| 001 |
vtls000705165 |
| 003 |
SK-MaSNL |
| 005 |
20260303212914.0 |
| 008 |
180207c1999 xo 0 slo |
| 015 |
|
|
|a SNBRB1999/10-24360
|
| 035 |
|
|
|a CLN000057332
|
| 040 |
|
|
|a SNKBUCL
|b slo
|c SNKBUCL
|e AACR2
|
| 041 |
0 |
|
|a slo
|
| 044 |
|
|
|a xo
|c SK
|
| 080 |
|
|
|a 378:061.22:33:374.31
|2 UDC-MRF-SK2
|
| 080 |
|
|
|a 374.31
|2 UDC-MRF-SK2
|
| 100 |
1 |
|
|a Hyžová, Jana
|4 ain
|9 893175
|
| 245 |
1 |
0 |
|a Šanca sa núka, už sa jej len chytiť!
|b AIESEC ročne sprostredkuje zahraničnú prax pre takmer 4500 študentov
|c Jana Hyžová, Iveta Niňajová
|
| 610 |
2 |
7 |
|a Medzinárodná organizácia študentov vysokých škôl ekonomických a obchodných
|2 snkbucl
|9 1246147
|
| 650 |
0 |
7 |
|a vysokoškolskí študenti
|2 snkbucl
|9 3981
|
| 655 |
|
7 |
|a články z novín a časopisov
|2 snkbucl
|9 267496
|
| 700 |
1 |
|
|a Niňajová, Iveta
|4 aut
|4 uin
|9 318541
|
| 773 |
0 |
|
|x 1335-4124
|t Hospodársky denník
|g Roč. 1, č. 176 (27.10.1999)
|
| 773 |
0 |
|
|x 1335-4124
|t [Príl.] Týždenník
|g S. 19
|
| 850 |
|
|
|a Slovenská národná knižnica v Martine
|
| 852 |
|
|
|a SNK
|b KIS3GCP
|
| 958 |
|
|
|a RBX
|
| 999 |
|
|
|c 2209621
|d 2211551
|